College Quizbowl Stats
College Quizbowl Stats
Circuits
Seasons
Sets
Records
Detailed Stats
About
Loading...
2024 ACF Fall at North Carolina
Tossups
Bonuses
Players
Teams
Categories (Tossup)
Categories (Bonus)
Audrey Read
Sheffield C
Categories
Category
Powers
Gets
Negs
BBs
Points
Earliest Buzz
Avg. Buzz
First Buzzes
Top 3 Buzzes
BPA
PVF
Science - Physics
0
3
0
1
30
92
101.67
0
0
0.00
0.00
Fine Arts - Classical Music
0
1
0
0
10
104
104.00
0
0
0.00
0.00
Science - Biology
0
1
0
1
10
113
113.00
0
0
0.00
0.00
Geography
0
0
1
0
-5
0.00
0
0
0.00
0.00
Buzzes
Category
Answer
Value
Buzz Position
Geography
New Guinea
-5
82
Science - Physics
Erwin Schrödinger
10
92
Fine Arts - Classical Music
mariachi
10
104
Science - Physics
viscosity
10
105
Science - Physics
index of refraction
10
108
Science - Biology
iron
10
113
Previous
1
Next